خلفيات ومكامن مواضيع متصلة بالأزمنة اليمنية 2011-2022 / (رقم التسجيلة. 247388)

تفاصيل مارك
000 -الفاتح
عناصر البيانات ثابتة الطول 00875nam a22002417i 4500
005 - تاريخ ووقت آخر معاملة
حقل ضبط 20260105110419.0
008 - عناصر البيانات ثابتة الطول
عناصر البيانات ثابتة الطول 250906s2025 |||||||gr|||| 00| 0 ara d
020 ## - الترقيم الدولي المعياري للكتب (ردمك)
الترقيم الدولي المعياري للكتب (ردمك) 9789953154008
040 ## - مصدر الفهرسة
هيئة الفهرسة الأصلية JO-AmGAM
قواعد الوصف rda
043 ## - كود المنطقة الجغرافية
كود المنطقة الجغرافية a ye
082 14 - رقم تصنيف ديوي العشري
رقم التصنيف 320.9567
رقم المادة ش ع ث
100 1# - مدخل رئيسي – اسم شخصي
الاسم الشخصي شعثان، علي حسن مقبل
علاقة الشخص بالعمل/ دوره مؤلف.
245 10 - بيان العنوان
العنوان خلفيات ومكامن مواضيع متصلة بالأزمنة اليمنية 2011-2022 /
بيان المسؤولية علي حسن مقبل شعثان.
250 ## - بيان الطبعة
بيان الطبعة الطبعة الأولى.
264 31 - بيانات النشر، التوزيع…إلخ
مكان النشر، التوزيع...إلخ القدس :
اسم الناشر، الموزع...إلخ دار الجندي للنشر والتوزيع،
تاريخ النشر، التوزيع...إلخ 2025.
300 ## - الوصف المادي
عدد الوحدات المكونة للوعاء 116 صفحة.
336 ## - نوع المحتوى
المصدر rdacontent
مصطلح نوع المحتوى نص
كود نوع المحتوى txt
337 ## - نوع الوسيط
المصدر rdamedia
مصطلح نوع الوسيط دون وسيط عرض
كود نوع الوسيط n
338 ## - نوع الحامل
المصدر rdacarrier
مصطلح نوع الحامل مجلد
كود نوع الحامل nc
650 17 - مدخل إضافي بالموضوع - مصطلح موضوعي
مصطلح موضوعي أو اسم جغرافي كعنصر مدخل الاحوال السياسية.
تفريع جغرافي اليمن.
942 ## - بيانات إضافية (كوها)
نوع التنصيف Dewey Decimal Classification
نوع المادة (كوها) كتب
المقتنيات
حالة السحب حالة الفقدان مصدر التصنيف حالة التلف غير قابل للإعارة المكتبة الرئيسية المكتبة الحالية موقع الرف تاريخ التزويد مصدر التزويد العملة التكلفة، سعر الشراء العادي الرقم المتسلسل Total Checkouts رقم الإستدعاء الباركود تاريخ آخر ظهور التكلفة وسعر الاستبدال تاريخ الفاتورة نوع المادة (كوها)
    Dewey Decimal Classification     مكتبة وادي السير العامة مكتبة وادي السير العامة الإعارة 03/12/2025 48 JOD 5.60 1798899   320.9567 / ش ع ث PLD00928539 03/12/2025 14.00 03/12/2025 كتب
Implemented & Customized by: BBB with SCIT (Smart Chains for Information Technology)

Powered by Koha